[Event "AUT-ch U12 Girls"]
[Site "St Veit"]
[Date "2016.05.14"]
[Round "2"]
[White "Giester, Helene"]
[Black "Wolf, Elena"]
[Result "1-0"]
[WhiteElo "922"]
[BlackElo "800"]
[PlyCount "53"]
[EventDate "2016.05.14"]
[EventType "swiss"]
[EventRounds "7"]
[EventCountry "AUT"]
[SourceTitle "CBM 172 Extra"]
[Source "ChessBase"]
[SourceDate "2016.06.21"]
[SourceVersion "1"]
[SourceVersionDate "2016.06.21"]
[SourceQuality "1"]

1. e4 e5 2. Nf3 Nc6 3. Bc4 Nf6 4. Ng5 d5 5. exd5 Na5 6. Bb5+ c6 7. Ba4 Qxd5 8. Nc3 Qd8 9. 0-0 h6 10. Nf3 e4 11. Ne5 Bd7 12. d3 exd3 13. Nxd3 Qc7 14. Bf4 Bd6 15. Bxd6 Qxd6 16. h3 g5 17. Re1+ Be6 18. Qf3 Ng8 19. Rad1 b5 20. Bb3 Nxb3 21. axb3 b4 22. Na2 Rb8 23. Ndxb4 c5 24. Rxd6 cxb4 25. Qc6+ Ke7 26. Qc7+ Kf6 27. Qxb8 1-0

[Event "AUT-ch U12 Girls"]
[Site "Woerth"]
[Date "2015.05.26"]
[Round "7.8"]
[White "Giester, Helene"]
[Black "Hiebner, Carina"]
[Result "0-1"]
[WhiteElo "855"]
[BlackElo "875"]
[PlyCount "26"]
[EventDate "2015.05.23"]
[EventType "swiss"]
[EventRounds "7"]
[EventCountry "AUT"]
[SourceTitle "EXT 2024"]
[Source "ChessBase"]
[SourceDate "2023.10.10"]
[SourceVersion "1"]
[SourceVersionDate "2023.10.10"]
[SourceQuality "1"]

1. e4 e5 2. Nf3 Nc6 3. Bc4 Bc5 4. Nc3 Nf6 5. 0-0 d6 6. d3 Bg4 7. Bg5 Qd7 8. Qd2 Bxf3 9. gxf3 0-0-0 10. Bxf6 gxf6 11. Rfe1 Qh3 12. f4 Rhg8+ 13. Kh1 Qg2# 0-1

[Event "AUT-ch U12 Girls"]
[Site "Woerth"]
[Date "2015.05.25"]
[Round "5.7"]
[White "Oberberger, Sandra"]
[Black "Giester, Helene"]
[Result "1-0"]
[WhiteElo "861"]
[BlackElo "855"]
[PlyCount "107"]
[EventDate "2015.05.23"]
[EventType "swiss"]
[EventRounds "7"]
[EventCountry "AUT"]
[SourceTitle "EXT 2024"]
[Source "ChessBase"]
[SourceDate "2023.10.10"]
[SourceVersion "1"]
[SourceVersionDate "2023.10.10"]
[SourceQuality "1"]

1. e4 e5 2. Nf3 Nc6 3. Nc3 Nf6 4. Bb5 Bb4 5. d3 0-0 6. Bxc6 dxc6 7. Nxe5 Qe7 8. Nf3 Bg4 9. 0-0 Rae8 10. Re1 h6 11. a3 Bxc3 12. bxc3 b6 13. a4 Ra8 14. Ba3 c5 15. d4 Nxe4 16. Bb2 cxd4 17. cxd4 Qd7 18. d5 Nf6 19. Ne5 Bxd1 20. Nxd7 Nxd7 21. Rexd1 Rfe8 22. d6 cxd6 23. Rxd6 Nf6 24. Bxf6 gxf6 25. Rxf6 Kg7 26. Rd6 Re7 27. Kf1 f6 28. a5 bxa5 29. Rxa5 Rae8 30. Rd1 Kg6 31. c3 Rd8 32. Re1 Rc7 33. Rc1 a6 34. c4 Rc6 35. c5 f5 36. h3 h5 37. Rc4 Kg5 38. Ke2 f4 39. g3 h4 40. gxf4+ Kh5 41. Ke3 Kh6 42. Kf3 Kh5 43. f5 Kg5 44. Ke4 Ra8 45. Kd5 Rcc8 46. c6 Kxf5 47. Rxh4 Kg5 48. Rg4+ Kh5 49. f4 Kh6 50. f5 Kh5 51. Rg1 Kh4 52. f6 Kxh3 53. Rf1 Kg4 54. f7 1-0